[Event "COL-ch (Women)"]
[Site "Cartagena"]
[Date "2023.06.11"]
[Round "7"]
[White "Morales Perez, Ghisell"]
[Black "Lizarazo, Doris Liliana"]
[Result "0-1"]
[WhiteElo "1495"]
[BlackElo "1697"]
[PlyCount "62"]
[EventDate "2023.06.08"]
[EventType "swiss"]
[EventRounds "9"]
[EventCountry "COL"]
[SourceTitle "CBM 215 Extra"]
[Source "ChessBase"]
[SourceDate "2023.09.30"]
[SourceVersion "1"]
[SourceVersionDate "2023.09.30"]
[SourceQuality "1"]

1. c4 Nf6 2. Nc3 g6 3. g3 c6 4. Bg2 Bg7 5. d4 d6 6. Nf3 0-0 7. 0-0 Bf5 8. Re1 Ne4 9. Nh4 Nxc3 10. bxc3 Be6 11. Rb1 Bxc4 12. Rxb7 Ba6 13. Rb1 d5 14. e4 e6 15. e5 Nd7 16. Qg4 Qa5 17. Be3 Nb6 18. Bg5 Rfe8 19. Bf6 c5 20. Nf3 Na4 21. h4 Nxc3 22. Ra1 Ne2+ 23. Kh2 h5 24. Qh3 Nxd4 25. Nxd4 cxd4 26. g4 hxg4 27. Qxg4 d3 28. h5 Qc7 29. Rec1 Bc4 30. Kg1 Bxf6 31. exf6 Qe5 0-1

[Event "COL-ch (Women)"]
[Site "Cartagena"]
[Date "2023.06.08"]
[Round "1"]
[White "Rico Velasco, Juliana Sofia"]
[Black "Lizarazo, Doris Liliana"]
[Result "0-1"]
[WhiteElo "1076"]
[BlackElo "1697"]
[PlyCount "60"]
[EventDate "2023.06.08"]
[EventType "swiss"]
[EventRounds "9"]
[EventCountry "COL"]
[SourceTitle "CBM 215 Extra"]
[Source "ChessBase"]
[SourceDate "2023.09.30"]
[SourceVersion "1"]
[SourceVersionDate "2023.09.30"]
[SourceQuality "1"]

1. e4 e5 2. Nf3 Nc6 3. Bb5 a6 4. Ba4 d6 5. h3 Bd7 6. c3 Nge7 7. d4 Ng6 8. 0-0 Be7 9. Re1 0-0 10. Nbd2 Kh8 11. Bc2 Qc8 12. Nf1 f5 13. exf5 Bxf5 14. Ng3 Bxc2 15. Qxc2 Nh4 16. Ng5 Bxg5 17. Bxg5 Nf5 18. Nh5 exd4 19. cxd4 Nfxd4 20. Qd1 Qf5 21. Be3 Nc2 22. Ng3 Qg6 23. Qd5 Nxa1 24. Rxa1 Rae8 25. Qb3 Nd8 26. Qc3 Ne6 27. Re1 c6 28. h4 h5 29. Qa5 Nf4 30. Bxf4 Rxf4 0-1

[Event "COL-chT 21st"]
[Site "Cartagena"]
[Date "2019.11.30"]
[Round "3.2"]
[White "Pantoja Pantoja, Danna Nicole"]
[Black "Lizarazo, Doris Liliana"]
[Result "0-1"]
[WhiteElo "1456"]
[BlackElo "1716"]
[PlyCount "58"]
[EventDate "2019.11.30"]
[EventType "team-swiss"]
[EventRounds "9"]
[EventCountry "COL"]
[SourceTitle "CBM 195 Extra"]
[Source "ChessBase"]
[SourceDate "2020.05.31"]
[SourceVersion "1"]
[SourceVersionDate "2020.05.31"]
[SourceQuality "1"]
[WhiteTeam "Narino"]
[BlackTeam "Norte de Santander"]
[WhiteTeamCountry "COL"]
[BlackTeamCountry "COL"]

1. e4 e5 2. Nf3 Nc6 3. Bb5 a6 4. Bxc6 bxc6 5. d4 exd4 6. Nxd4 d5 7. Nc3 Bc5 8. Be3 Bb6 9. 0-0 Bb7 10. f3 Ne7 11. Re1 0-0 12. Kh1 Qd6 13. Bg1 c5 14. Nde2 d4 15. Nb1 Ng6 16. Nd2 Rad8 17. Nc4 Qe6 18. b3 Rfe8 19. Qd2 Bc6 20. Nf4 Nxf4 21. Qxf4 Bb5 22. Nb2 c4 23. bxc4 Bxc4 24. Nxc4 Qxc4 25. Qc1 Rd6 26. Qb2 Ba5 27. Red1 c5 28. Qc1 Rg6 29. Qf4 Qxc2 0-1

[Event "COL-chT 21st"]
[Site "Cartagena"]
[Date "2019.11.30"]
[Round "6.2"]
[White "Rodriguez, Carolina"]
[Black "Lizarazo, Doris Liliana"]
[Result "0-1"]
[WhiteElo "1740"]
[BlackElo "1716"]
[PlyCount "80"]
[EventDate "2019.11.30"]
[EventType "team-swiss"]
[EventRounds "9"]
[EventCountry "COL"]
[SourceTitle "CBM 195 Extra"]
[Source "ChessBase"]
[SourceDate "2020.05.31"]
[SourceVersion "1"]
[SourceVersionDate "2020.05.31"]
[SourceQuality "1"]
[WhiteTeam "Meta"]
[BlackTeam "Norte de Santander"]
[WhiteTeamCountry "COL"]
[BlackTeamCountry "COL"]

1. e4 e5 2. Nf3 Nc6 3. d4 exd4 4. Nxd4 Nf6 5. Nxc6 bxc6 6. e5 Nd5 7. c4 Nb6 8. Bd3 Bc5 9. 0-0 0-0 10. Nc3 d6 11. Ne4 Be6 12. b3 Bd4 13. Rb1 Bxe5 14. Bb2 Nd7 15. f4 Bxb2 16. Rxb2 Nf6 17. Ng5 h6 18. Ne4 Nxe4 19. Bxe4 f5 20. Bd5 cxd5 21. cxd5 Bd7 22. Qd4 c5 23. dxc6 Bxc6 24. Rd2 d5 25. Qc5 Qb6 26. Qxb6 axb6 27. Re1 Rfe8 28. Rc1 Re6 29. Kf2 Rae8 30. Rcc2 Kh7 31. g3 R8e7 32. b4 Ba4 33. Rb2 Bb5 34. Rxd5 Bc4 35. Rxf5 Re2+ 36. Rxe2 Rxe2+ 37. Kf3 Rxa2 38. h4 Rb2 39. g4 Rb3+ 40. Ke4 Bd3+ 0-1

[Event "COL-chT rapid (Women)"]
[Site "Cartagena"]
[Date "2019.11.29"]
[Round "5.1"]
[White "Cespedes Galindo, Estefania"]
[Black "Lizarazo, Doris Liliana"]
[Result "1-0"]
[WhiteElo "1815"]
[BlackElo "1862"]
[PlyCount "55"]
[EventDate "2019.11.29"]
[EventType "team-swiss"]
[EventRounds "7"]
[EventCountry "COL"]
[SourceTitle "CBM 193 Extra"]
[Source "ChessBase"]
[SourceDate "2020.01.31"]
[SourceVersion "1"]
[SourceVersionDate "2020.01.31"]
[SourceQuality "1"]
[WhiteTeam "Tolima (W)"]
[BlackTeam "Norte de Santander (W)"]
[WhiteTeamCountry "COL"]
[BlackTeamCountry "COL"]

1. d4 d5 2. Bg5 g6 3. e3 Bg7 4. h4 f6 5. Bf4 e5 6. dxe5 fxe5 7. Bg5 Bf6 8. Nf3 e4 9. Bxf6 Nxf6 10. Nd4 c5 11. Bb5+ Bd7 12. Bxd7+ Qxd7 13. Nb3 b6 14. Nc3 Nc6 15. Qe2 Ne5 16. 0-0-0 c4 17. Nd4 Rd8 18. f3 a6 19. fxe4 Nxe4 20. Nxe4 dxe4 21. Rhf1 Qg4 22. Qf2 Rd6 23. Qg1 Nf7 24. Rf4 Qg3 25. Rxe4+ Kd7 26. Rf1 Ne5 27. Ne2 Rd8 28. Nxg3 1-0

[Event "COL-chT (Women)"]
[Site "Cartagena"]
[Date "2019.11.26"]
[Round "4.1"]
[White "Finley Rosero, Karol Valentina"]
[Black "Lizarazo, Doris Liliana"]
[Result "1-0"]
[WhiteElo "1595"]
[BlackElo "1751"]
[PlyCount "119"]
[EventDate "2019.11.24"]
[EventType "team-swiss"]
[EventRounds "7"]
[EventCountry "COL"]
[SourceTitle "CBM 193 Extra"]
[Source "ChessBase"]
[SourceDate "2020.01.31"]
[SourceVersion "1"]
[SourceVersionDate "2020.01.31"]
[SourceQuality "1"]
[WhiteTeam "Narino (W)"]
[BlackTeam "Norte de Santander (W)"]
[WhiteTeamCountry "COL"]
[BlackTeamCountry "COL"]

1. e4 e5 2. Nf3 Nc6 3. Bb5 a6 4. Ba4 d6 5. c3 Bd7 6. 0-0 Nge7 7. d3 Ng6 8. Qe2 Be7 9. Rd1 0-0 10. Be3 f5 11. exf5 Bxf5 12. h3 Kh8 13. Nbd2 Nf4 14. Bxf4 exf4 15. Bxc6 bxc6 16. Nd4 Bd7 17. Ne6 Bxe6 18. Qxe6 Rf6 19. Qg4 d5 20. Nf3 Rb8 21. Rd2 Qf8 22. Ne5 Qc8 23. Qxc8+ Rxc8 24. Re1 Bd6 25. Nxc6 f3 26. Ne5 Bxe5 27. Rxe5 c6 28. gxf3 Rxf3 29. Rde2 Rcf8 30. Re8 Kg8 31. Rxf8+ Kxf8 32. Re3 Rf6 33. Kg2 Kf7 34. b4 Rd6 35. c4 dxc4 36. dxc4 Rd4 37. Rc3 Rd2 38. Ra3 Rd4 39. Rxa6 Rxc4 40. Rb6 Ke8 41. Rb7 Kd8 42. a3 Rc3 43. Rxg7 Rxa3 44. Rxh7 Rb3 45. Rh4 Kc7 46. Rg4 Kb6 47. h4 Rd3 48. h5 Rd6 49. Rh4 Rh6 50. Kg3 Kb5 51. Kg4 Rf6 52. h6 Rxf2 53. h7 Rf8 54. h8Q Rxh8 55. Rxh8 Kxb4 56. Kf4 c5 57. Rc8 c4 58. Ke4 c3 59. Kd3 Kb3 60. Rxc3+ 1-0

[Event "COL-chT (Women)"]
[Site "Cartagena"]
[Date "2019.11.26"]
[Round "5.1"]
[White "Lizarazo, Doris Liliana"]
[Black "Cespedes Galindo, Estefania"]
[Result "1/2-1/2"]
[WhiteElo "1751"]
[BlackElo "1706"]
[PlyCount "81"]
[EventDate "2019.11.24"]
[EventType "team-swiss"]
[EventRounds "7"]
[EventCountry "COL"]
[SourceTitle "CBM 193 Extra"]
[Source "ChessBase"]
[SourceDate "2020.01.31"]
[SourceVersion "1"]
[SourceVersionDate "2020.01.31"]
[SourceQuality "1"]
[WhiteTeam "Norte de Santander (W)"]
[BlackTeam "Tolima (W)"]
[WhiteTeamCountry "COL"]
[BlackTeamCountry "COL"]

1. e4 c5 2. c3 Nf6 3. e5 Nd5 4. d4 cxd4 5. cxd4 d6 6. Nf3 Nc6 7. Bc4 dxe5 8. Nxe5 Be6 9. Nxc6 bxc6 10. Bb3 g6 11. Nc3 Bg7 12. 0-0 0-0 13. Re1 Qb6 14. Nxd5 cxd5 15. Be3 a5 16. Re2 Rfc8 17. Rd2 Qb5 18. Rc1 Rxc1 19. Qxc1 a4 20. Bd1 Rc8 21. Rc2 Rxc2 22. Qxc2 Qb4 23. Qc3 Qb5 24. Qa3 Qa5 25. b4 Qb6 26. Qxa4 Bxd4 27. Bxd4 Qxd4 28. a3 Qd2 29. h3 Qe1+ 30. Kh2 Qxf2 31. Bf3 h5 32. Qe8+ Kg7 33. Qxe7 Qe3 34. Qd6 Qxa3 35. Bxd5 Bxd5 36. Qxd5 Qxb4 37. Qe5+ f6 38. Qc7+ Kh6 39. Qc1+ g5 40. Qc8 Qf4+ 41. Kg1 1/2-1/2

[Event "Bogota Bonita op"]
[Site "Bogota"]
[Date "2019.09.29"]
[Round "6"]
[White "Lizarazo, Doris Liliana"]
[Black "Rincon R, Javier Duvan"]
[Result "0-1"]
[WhiteElo "1732"]
[BlackElo "1896"]
[PlyCount "59"]
[EventDate "2019.09.26"]
[EventType "swiss"]
[EventRounds "7"]
[EventCountry "COL"]
[SourceTitle "EXT 2020"]
[Source "ChessBase"]
[SourceDate "2019.10.17"]
[SourceVersion "1"]
[SourceVersionDate "2019.10.17"]
[SourceQuality "1"]

1. e4 c5 2. c3 d5 3. exd5 Qxd5 4. d4 Nf6 5. Nf3 Bf5 6. Na3 Nc6 7. Nb5 0-0-0 8. Be2 e6 9. 0-0 a6 10. a4 Be4 11. c4 Qd7 12. Ne5 Nxe5 13. dxe5 Qxd1 14. Rxd1 Rxd1+ 15. Bxd1 axb5 16. exf6 bxc4 17. Bg5 Rg8 18. f3 Bd3 19. Kf2 Bd6 20. Kg1 Be5 21. fxg7 Bxb2 22. Ra2 Rxg7 23. Bh6 Rg6 24. Bf4 Bd4+ 25. Kh1 e5 26. Bg3 f5 27. Bc2 Rb6 28. h3 f4 29. Bh4 Bxc2 30. Rxc2 0-1

[Event "COL-ch sf1"]
[Site "Medellin"]
[Date "2019.04.17"]
[Round "3"]
[White "Lizarazo, Doris Liliana"]
[Black "Corredor Castellanos, Camilo"]
[Result "1/2-1/2"]
[WhiteElo "1800"]
[BlackElo "1972"]
[PlyCount "23"]
[EventDate "2019.04.16"]
[EventType "swiss"]
[EventRounds "10"]
[EventCountry "COL"]
[SourceTitle "CBM 190 Extra"]
[Source "ChessBase"]
[SourceDate "2019.07.15"]
[SourceVersion "1"]
[SourceVersionDate "2019.07.15"]
[SourceQuality "1"]

1. e4 c5 2. c3 d5 3. exd5 Qxd5 4. d4 Nf6 5. Nf3 e6 6. Na3 cxd4 7. Nb5 Na6 8. Nbxd4 Be7 9. Bb5+ Bd7 10. Qe2 Bxb5 11. Nxb5 0-0 12. 0-0 1/2-1/2

[Event "COL-ch sf1"]
[Site "Medellin"]
[Date "2019.04.17"]
[Round "2"]
[White "Rodriguez Velasco, German Enrique"]
[Black "Lizarazo, Doris Liliana"]
[Result "1-0"]
[WhiteElo "2125"]
[BlackElo "1800"]
[PlyCount "67"]
[EventDate "2019.04.16"]
[EventType "swiss"]
[EventRounds "10"]
[EventCountry "COL"]
[SourceTitle "CBM 190 Extra"]
[Source "ChessBase"]
[SourceDate "2019.07.15"]
[SourceVersion "1"]
[SourceVersionDate "2019.07.15"]
[SourceQuality "1"]

1. c4 Nf6 2. Nf3 g6 3. g3 Bg7 4. Bg2 0-0 5. 0-0 d6 6. Nc3 Nbd7 7. d4 Re8 8. e4 e5 9. h3 c6 10. d5 c5 11. a3 b6 12. b4 h6 13. Be3 Kh7 14. Nd2 a6 15. Rb1 Ng8 16. Qc2 Bf8 17. f4 f6 18. f5 g5 19. Bf3 Be7 20. Bh5 Rf8 21. Rb2 Qc7 22. Kg2 Nb8 23. Rfb1 Nd7 24. Rh1 cxb4 25. axb4 Nb8 26. h4 Bd8 27. Na4 Qb7 28. Nf3 b5 29. cxb5 axb5 30. Bg6+ Kh8 31. Nc3 g4 32. Nh2 Bd7 33. Nxg4 Be8 34. Nxh6 1-0

[Event "COL-chT (Women)"]
[Site "Ibague"]
[Date "2018.10.12"]
[Round "4.1"]
[White "Aguilar, Natalia Andrea"]
[Black "Lizarazo, Doris Liliana"]
[Result "1-0"]
[WhiteElo "1893"]
[BlackElo "1825"]
[PlyCount "29"]
[EventDate "2018.10.11"]
[EventType "team-swiss"]
[EventRounds "6"]
[EventCountry "COL"]
[SourceTitle "CBM 186 Extra"]
[Source "ChessBase"]
[SourceDate "2018.08.24"]
[SourceVersion "1"]
[SourceVersionDate "2018.08.24"]
[SourceQuality "1"]
[WhiteTeam "Risaralda (W)"]
[BlackTeam "Norte de Santander (W)"]
[WhiteTeamCountry "COL"]
[BlackTeamCountry "COL"]

1. d4 c5 2. e3 g6 3. Nf3 Nf6 4. Be2 cxd4 5. exd4 d5 6. 0-0 Bg7 7. b3 0-0 8. Bb2 Nc6 9. Nbd2 Bf5 10. c3 Ne4 11. Re1 Qa5 12. Nxe4 Bxe4 13. Nd2 Bh6 14. Nxe4 dxe4 15. Kh1 1-0

[Event "COL-chT (Women)"]
[Site "Ibague"]
[Date "2018.10.12"]
[Round "3.1"]
[White "Lizarazo, Doris Liliana"]
[Black "Marquez Paso, Carla Paola"]
[Result "1-0"]
[WhiteElo "1825"]
[BlackElo "1555"]
[PlyCount "27"]
[EventDate "2018.10.11"]
[EventType "team-swiss"]
[EventRounds "6"]
[EventCountry "COL"]
[SourceTitle "CBM 186 Extra"]
[Source "ChessBase"]
[SourceDate "2018.08.24"]
[SourceVersion "1"]
[SourceVersionDate "2018.08.24"]
[SourceQuality "1"]
[WhiteTeam "Norte de Santander (W)"]
[BlackTeam "Magdalena (W)"]
[WhiteTeamCountry "COL"]
[BlackTeamCountry "COL"]

1. e4 e5 2. Nf3 Nc6 3. Bb5 Nge7 4. d4 a6 5. Ba4 b5 6. Bb3 exd4 7. Nxd4 Na5 8. c3 c5 9. Nf3 Nxb3 10. axb3 Bb7 11. Qe2 Ng6 12. 0-0 Bd6 13. g3 0-0 14. Qd3 1-0

[Event "COL pre olympic sf3"]
[Site "Dosquebradas"]
[Date "2018.06.01"]
[Round "4"]
[White "Lizarazo, Doris Liliana"]
[Black "Leon Acevedo, Juan Alejandro"]
[Result "0-1"]
[WhiteElo "1901"]
[BlackElo "1629"]
[PlyCount "38"]
[EventDate "2018.05.30"]
[EventType "swiss"]
[EventRounds "10"]
[EventCountry "COL"]
[SourceTitle "CBM 184 Extra"]
[Source "ChessBase"]
[SourceDate "2018.06.28"]
[SourceVersion "1"]
[SourceVersionDate "2018.06.28"]
[SourceQuality "1"]

1. e4 c5 2. Nf3 d6 3. d4 cxd4 4. c3 Nf6 5. e5 dxe5 6. Nxe5 e6 7. Bc4 Be7 8. 0-0 0-0 9. Qe2 Qc7 10. Bf4 Bd6 11. cxd4 Nc6 12. Rd1 a6 13. a4 b6 14. Na3 Bb7 15. Rac1 Rac8 16. Bxe6 fxe6 17. Nxc6 Bxf4 18. Qxe6+ Kh8 19. Rc4 Bxc6 0-1

[Event "Bogota Students-ch (Women) 22th"]
[Site "Bogota"]
[Date "2013.11.04"]
[Round "4"]
[White "Lopez Cuayal, Daniela Fernanda"]
[Black "Lizarazo, Doris Liliana"]
[Result "1-0"]
[WhiteElo "1615"]
[BlackElo "1875"]
[PlyCount "67"]
[EventDate "2013.11.03"]
[EventType "swiss"]
[EventRounds "6"]
[EventCountry "COL"]
[SourceTitle "EXT 2014"]
[Source "ChessBase"]
[SourceDate "2013.11.20"]
[SourceVersion "1"]
[SourceVersionDate "2013.11.20"]
[SourceQuality "1"]

1. d4 d5 2. e3 Nf6 3. Bd3 g6 4. f4 Bg4 5. Nf3 Qc8 6. 0-0 Bf5 7. Nh4 Bxd3 8. Qxd3 Ne4 9. Nd2 Nxd2 10. Bxd2 Nd7 11. Nf3 Nf6 12. Be1 c6 13. Bh4 Ne4 14. Nd2 Qe6 15. Rac1 h6 16. Nxe4 dxe4 17. Qa3 Qg4 18. Bg3 Qf5 19. c4 a6 20. Qb3 Rb8 21. h3 Bg7 22. Rfd1 0-0 23. Qc2 Rbc8 24. Be1 h5 25. Bh4 Bf6 26. Bxf6 exf6 27. b3 Rfe8 28. d5 Red8 29. dxc6 bxc6 30. Rd2 Rxd2 31. Qxd2 Qc5 32. Rd1 f5 33. Kf2 Rc7 34. Qd8+ 1-0

[Event "Pamplona Sub zt 2.3 (Women)"]
[Site "Pamplona"]
[Date "2012.11.09"]
[Round "9"]
[White "Tobar, Zuleima"]
[Black "Lizarazo, Doris Liliana"]
[Result "1-0"]
[WhiteElo "1849"]
[BlackElo "1877"]
[PlyCount "103"]
[EventDate "2012.11.05"]
[EventType "swiss"]
[EventRounds "9"]
[EventCountry "COL"]
[SourceTitle "EXT 2013"]
[Source "ChessBase"]
[SourceDate "2012.11.22"]
[SourceVersion "1"]
[SourceVersionDate "2012.11.22"]
[SourceQuality "1"]

1. d4 d5 2. Bg5 Nf6 3. e3 e6 4. Bd3 Be7 5. Nf3 Ne4 6. Bf4 0-0 7. Nbd2 Nxd2 8. Nxd2 Bd6 9. Qh5 g6 10. Qh6 Bxf4 11. Qxf4 b6 12. Nf3 Ba6 13. Bxa6 Nxa6 14. c3 c5 15. h4 Qc7 16. Qg4 cxd4 17. exd4 h5 18. Qg5 Qd8 19. g4 Qxg5 20. hxg5 hxg4 21. Ne5 Kg7 22. Nxg4 Rh8 23. Ke2 Nc7 24. Rh6 Nb5 25. Rah1 Nd6 26. Rxh8 Rxh8 27. Rxh8 Kxh8 28. Ne5 Kg7 29. Nc6 Nc8 30. a4 Kf8 31. Kd3 a5 32. b4 Nd6 33. bxa5 bxa5 34. Nxa5 Ne4 35. f4 Nf2+ 36. Ke2 Ne4 37. Kd3 Nf2+ 38. Kc2 Nh3 39. Nc6 Ke8 40. a5 Kd7 41. Ne5+ Kc7 42. Nd3 Kc6 43. Kd2 Kb5 44. Ke3 Kxa5 45. Ne5 Ka4 46. Nxf7 Kb3 47. Nh8 Kxc3 48. Nxg6 Kc4 49. Ne5+ Kc3 50. g6 Nxf4 51. Kxf4 Kxd4 52. g7 1-0

[Event "Pamplona Sub zt 2.3 (Women)"]
[Site "Pamplona"]
[Date "2012.11.05"]
[Round "1"]
[White "Lizarazo, Doris Liliana"]
[Black "Masso Lopez, Daniela"]
[Result "0-1"]
[WhiteElo "1877"]
[BlackElo "1438"]
[PlyCount "80"]
[EventDate "2012.11.05"]
[EventType "swiss"]
[EventRounds "9"]
[EventCountry "COL"]
[SourceTitle "EXT 2013"]
[Source "ChessBase"]
[SourceDate "2012.11.22"]
[SourceVersion "1"]
[SourceVersionDate "2012.11.22"]
[SourceQuality "1"]

1. e4 d5 2. exd5 Nf6 3. Nc3 Nxd5 4. d4 Bf5 5. Bc4 c6 6. Nf3 e6 7. 0-0 Bd6 8. Nxd5 cxd5 9. Bd3 Bg4 10. Re1 0-0 11. Be2 Nc6 12. c3 Bxf3 13. Bxf3 Qh4 14. g3 Qf6 15. Bh5 Ne7 16. f4 Qf5 17. g4 Qf6 18. g5 Qf5 19. Bg4 Qg6 20. h4 f6 21. Bxe6+ Kh8 22. h5 Qe8 23. Qg4 fxg5 24. fxg5 Qb5 25. Qg2 Nf5 26. Qxd5 Qd3 27. Qg2 Nh4 28. Qh3 Nf3+ 29. Kh1 Nxe1 30. Qxd3 Nxd3 31. Be3 Rae8 32. d5 Nxb2 33. Bd4 Nd3 34. h6 Be5 35. Bxa7 gxh6 36. gxh6 Rf6 37. Be3 Bxc3 38. Rb1 Nf4 39. Rxb7 Nxe6 40. dxe6 Rfxe6 0-1

[Event "Pamplona IRT blitz op (Women)"]
[Site "Pamplona"]
[Date "2012.11.04"]
[Round "11.7"]
[White "Santos Morales, Natalia Andrea"]
[Black "Lizarazo, Doris Liliana"]
[Result "1-0"]
[WhiteElo "1997"]
[BlackElo "1877"]
[PlyCount "77"]
[EventDate "2012.11.04"]
[EventType "swiss (blitz)"]
[EventRounds "18"]
[EventCountry "COL"]
[SourceTitle "EXT 2024"]
[Source "ChessBase"]
[SourceDate "2023.10.10"]
[SourceVersion "1"]
[SourceVersionDate "2023.10.10"]
[SourceQuality "1"]

1. e4 e5 2. Nf3 Nc6 3. Bc4 Nf6 4. d3 Be7 5. 0-0 0-0 6. h3 d6 7. c3 Be6 8. Bb3 Bxb3 9. Qxb3 b6 10. Re1 Na5 11. Qc2 c5 12. Na3 Nc6 13. Qa4 Rc8 14. Bd2 h6 15. d4 cxd4 16. cxd4 Nxd4 17. Nxd4 exd4 18. Qxd4 Nh7 19. Nb5 Qd7 20. e5 Qxb5 21. exd6 Bf6 22. Qg4 Ng5 23. h4 Ne6 24. a4 Qxb2 25. Bxh6 Rc2 26. Rab1 Qd4 27. Qf5 gxh6 28. Qxc2 Qxd6 29. Qf5 Bg7 30. Re4 Qd3 31. Rbe1 Qc2 32. Qg4 Qc6 33. R4e3 Qd5 34. Rg3 Qd2 35. Rxe6 Qd1+ 36. Qxd1 fxe6 37. Qg4 Rf7 38. Qxe6 Kf8 39. Rf3 1-0